000 01403cam a22003977a 4500
003 CHAP
005 20220329141912.0
008 980512d1990 cr a r 00110 eng d
010 _a75505
011 _a76477
022 _a1011-7741
035 _a86062
040 _cCHAP
082 0 4 _a681.763
_bT6
100 0 0 _aTorres Zorrilla, Jorge A.
_9114277
245 1 0 _aAgricultural modernization and resource deterioration in Latin America
_c/by Jorge A. Torres Zorrilla
260 _aSan José, C. R. :
_bInstituto Interamericano de Cooperación para la Agricultura,
_c1994.
300 _a121 p. :
_bilus. ; gráfs.
410 2 1 _aIICA
490 0 _aProgram papers series;
_v; 45
590 _aBATCH-UPD
_b10
_c20130109
_lUCH01
_h2310
590 _aBATCH-UPD
_b10
_c20130110
_lUCH01
_h0819
590 _aBATCH-UPD
_b10
_c20130410
_lUCH01
_h0457
590 _aBATCH-UPD
_b10
_c20130914
_lUCH01
_h0320
590 _aBATCH-UPD
_b10
_c20130914
_lUCH01
_h1929
590 _aCONVERSION
_b10
_c20130109
_lUCH01
_h1341
650 1 4 _aAgricultura
_xInnovaciones tecnológicas.
_91565
650 1 4 _aAgricultura
_zAmérica Latina.
_91911
650 1 4 _aPolítica agrícola
_zAmérica Latina.
_990380
810 0 0 _aIICA
_957371
830 0 0 _aProgram papers series;
_v; 45
_992250
901 _aBK
905 _aLilia Sánchez G.
942 _cLIBRO
949 _a681.763 T6
_bBC
_cLIBRO
_d33724000595286
_eLIBRO
_h93144
_i86062
_sb
999 _c75505
_d75505